000 00483nam a2200169Ia 4500
999 _c35115
_d35115
003 OSt
005 20201218132058.0
008 190216s9999||||xx |||||||||||||| ||und||
040 _coclc
082 _a491.433
_bAGG/N
100 _aAggarwal, P N
_97686
245 0 _aNalanda Concise Dictionary /
_cP N Aggarwal
260 _bAadiesh Book Depot,
_aDelhi:
300 _a1359p
650 _aHindi Dictionary
942 _cREF
_2ddc
_h491.433
_iAGG/N
_k491.433
_mAGG/N